Cities in Auvergne-Rhone-Alpes - Statistics

General Stats
  • This quiz has been taken 119 times
  • The average score is 12 of 20
Answers on the Grid
Answers color-coded by a green-red scale on the quiz's grid according to % correct below.
Dijon
Clermont-Ferrand
Limoges
Annecy
Poitiers
Avignon
Grenoble
Troyes
Chambéry
Lyon
Privas
Saint-Etienne
Aurillac
Aix-en-Provence
Moulins
Le-Puy-en-Velay
Valence
Bourg-en-Bresse
Sisteron
Oyonnax
Nantua
Marseille
Thonon-les-Bains
Villeurbanne
Belfort
Gap
Vichy
Roanne
Montbrison
Villefranche-sur-Saone
 
Answer Stats
Answer % Correct
Clermont-Ferrand
88%
Lyon
88%
Annecy
85%
Grenoble
85%
Chambéry
80%
Saint-Etienne
78%
Le-Puy-en-Velay
68%
Valence
66%
Villeurbanne
63%
Bourg-en-Bresse
58%
Villefranche-sur-Saone
54%
Privas
52%
Roanne
52%
Vichy
52%
Oyonnax
51%
Thonon-les-Bains
51%
Moulins
49%
Aurillac
43%
Montbrison
38%
Nantua
37%
No matching quizzes found
Score Distribution
Percent of People with Each Score
Percentile by Number Answered
Your Score History
You have not taken this quiz